| 000 | 00491nam a22001817a 4500 | ||
|---|---|---|---|
| 003 | OSt | ||
| 005 | 20151202184514.0 | ||
| 008 | 151202b xxu||||| |||| 00| 0 eng d | ||
| 020 | _a0826813194 | ||
| 040 | _cDDC. | ||
| 082 | _a378HIG 1971. | ||
| 100 |
_aEdited by Furniss Todd,w. _96458 |
||
| 245 | _aHigher Education for Everybody. | ||
| 260 |
_aWahington DC. _bAmerican Council on education. _c1971. |
||
| 300 |
_axvi,284p; _bill: _c22cm |
||
| 650 |
_aEducation. _91404 |
||
| 942 |
_2ddc _cSLOAN |
||
| 999 |
_c2791 _d2791 |
||